000 00364cam a2200145ua 4500
041 _amal
_h
082 _a894.8121
_bSUK/SU
100 _aSukumaran, Pottakadu .
245 _aSukumarageethikal /
_cPottakadu Sukumaran.
_hTextual Documents
260 _aCalicut :
_bP.K Brothers ,
_c1966.
300 _a104 ; .
504 _a
942 _cBK
999 _c5092
_d5092